| 000 | 00369nam a2200157Ia 4500 | ||
|---|---|---|---|
| 008 | 230917s9999||||xx |||||||||||||| ||und|| | ||
| 040 |
_e214576 _aMAIN |
||
| 041 | _aEnglish | ||
| 082 | _a954.01 H114M(6) | ||
| 100 | _aHabib, Irfan | ||
| 245 | 0 | _aMauryan India | |
| 250 | _a6th ed. | ||
| 260 |
_aNew Delhi _bTulika Books _c2013 |
||
| 300 | _ax, 189 p. | ||
| 942 | _cBK | ||
| 999 |
_c177084 _d177084 |
||